000 00723nam a22002297a 4500
005 20150318145236.0
008 140714b xxu||||| |||| 00| 0 Urdu d
010 _aUR-8737
020 q _a9789380279060
_c1259.20
035 _aU-7292
037 _bDBAD/Pub.
040 _aDPL
_bUrdu
082 _a841.8
100 _aا شفا ق حسين
110 _b-
245 _a‎مين گيا و قت نہين ہو ن
_cا شفا ق حسين
246 _aMein Gaya waqt Nahin Hoon
_bBy Ashfaq Hussain
260 _aد ھلی
_bShahid Publications
_c2010
270 _a2253,Resham Street,Kucha Chelan, Darya Ganj,
_bNew Delhi
_e110002
300 _a591ص
_c22Cm (Hb)
942 _2ddc
_cUR
_h841
_mا ش ف
999 _c92300
_d92300